Top 30 Largest Cities in Poland - Statistics

General Stats
  • This quiz has been taken 27 times
  • The average score is 9 of 30
Answer Stats
Population Answer % Correct
769,375 Krakow
100%
1,800,230 Warsaw
100%
650,066 Wroclaw
96%
465,553 Gdansk
91%
518,274 Poznan
87%
642,228 Lodz
83%
396,654 Szczecin
83%
66,000 Bialystok
61%
326,875 Lublin
61%
338,761 Bydgoszcz
57%
53,700 Czestochowa
26%
86,700 Sosnowiec
22%
57,900 Chorzow
17%
68,530 Glogow
4%
54,900 Legnica
4%
102,393 Bemowo
0%
89,324 Bialoleka
0%
134,854 Bielany
0%
70,000 Fordon
0%
212,670 Mokotow
0%
75,281 Myslowice
0%
93,192 Ochota
0%
93,192 Praga Polnoc
0%
187,845 Praga Poludnie
0%
134,306 Srodmiescie
0%
53,739 Starachowice
0%
124,316 Targowek
0%
147,676 Ursynow
0%
62,656 Wawer
0%
143,996 Wola
0%
No matching quizzes found
Score Distribution
Percent of People with Each Score
Percentile by Number Answered
Your Score History
You have not taken this quiz